|
|
|
|
| LEADER |
00000nam a2200000Ii 4500 |
| 001 |
DIGIBE0943 |
| 003 |
NyNyDIG |
| 006 |
m o d |
| 007 |
cr ||||||||||| |
| 008 |
220220s2014 sp ob 000 f spa d |
| 035 |
|
|
|a (OCoLC)1319855096
|
| 040 |
|
|
|a DGITA
|b eng
|e rda
|e pn
|c DGITA
|
| 020 |
|
|
|a 9783954872541
|q eBook
|q pdf
|
| 020 |
|
|
|z 9788484897606
|q Iberoamericana
|
| 020 |
|
|
|z 9783954873012
|q Vervuert
|
| 020 |
|
|
|a 9786078348213
|q Bonilla Artigas
|
| 043 |
|
|
|a n-mx---
|
| 050 |
1 |
4 |
|a PQ6561.R62 ebook
|
| 100 |
1 |
|
|a Robledo, María de las Nieves,
|d 1793?-1866,
|e author.
|
| 245 |
1 |
3 |
|a El senador megicano, ó, Carta de Lermin á Tlaucolde /
|c doña Maria de las Nieves Robledo ; edición e introducción de Nancy Vogeley ; transcripción de Manuel Cuesta.
|
| 246 |
3 |
0 |
|a Senador megicano
|
| 246 |
3 |
0 |
|a Carta de Lermin á Tlaucolde
|
| 264 |
|
1 |
|a Madrid :
|b Iberoamericana ;
|a Frankfurt am Main :
|b Vervuert ;
|a México D. F. :
|b Bonilla Artigas Editores,
|c [2014]
|
| 300 |
|
|
|a 1 online resource.
|
| 336 |
|
|
|a text
|b txt
|2 rdacontent
|
| 337 |
|
|
|a computer
|b c
|2 rdamedia
|
| 338 |
|
|
|a online resource
|b cr
|2 rdacarrier
|
| 347 |
|
|
|a text file
|2 rdaft
|
| 347 |
|
|
|b PDF
|
| 490 |
1 |
|
|a Cuestión palpitante. Los siglos XVIII y XIX en España ;
|v vol. 22
|
| 500 |
|
|
|a Originally published in Madrid in 1836.
|
| 504 |
|
|
|a Includes bibliographical references.
|
| 588 |
0 |
|
|a Online resource; title from PDF title page (Digitalia, viewed February 20, 2022)
|
| 651 |
|
0 |
|a Mexico
|x Politics and government
|y 1821-1861
|v Fiction.
|
| 651 |
|
0 |
|a Mexico
|x History
|y 1821-1861
|v Fiction.
|
| 655 |
|
7 |
|a Fiction.
|2 lcgft
|
| 655 |
|
0 |
|a Electronic books.
|
| 700 |
1 |
|
|a Vogeley, Nancy J.,
|e editor,
|e contributor agent of text.
|
| 700 |
1 |
|
|a Cuesta, Manuel,
|d 1981-
|e contributor agent of text.
|
| 791 |
2 |
|
|a Digitalia (Firm),
|e distributor.
|
| 793 |
0 |
|
|g Digitalia eBook Collection:
|a Iberoamericana/Vervuert
|
| 776 |
0 |
8 |
|i Print version:
|a Robledo, María de las Nieves, 1793?-1866.
|t Senador megicano, ó, Carta de Lermin á Tlaucolde.
|d Madrid : Iberoamericana ; Frankfurt am Main : Vervuert ; México D. F. : Bonilla Artigas Editores, [2014]
|z 9788484897606
|
| 830 |
|
0 |
|a Cuestión palpitante.
|p Siglos XVIII y XIX en España ;
|v . 22.
|
| 856 |
4 |
0 |
|3 Digitalia Hispánica
|u https://www.digitaliapublishing.com/a/101845/
|
| 910 |
|
|
|a Premium collection: 2022
|